000
00330nam a2200133Ia 4500
008
240624s9999 xx 000 0 und d
041
_a
eng
082
_a
153.4 KLE
100
_a
KLEIN GARY
245
_a
SEEING WHAT OTHERS DON T THE REMARKABLE
260
_c
2013
_a
London
_b
Public Affairs
300
_a
304 : p.
365
_c
RS
_b
25
999
_c
23956
_d
23956